| 000 | 00585nam a2200169 i 4500 | ||
|---|---|---|---|
| 001 | bg | ||
| 100 | 1 | _aGRABOWSKI, Edmund | |
| 245 | 0 |
_aOptymalne struktury organizacyjne : _bprojektowanie metodą sterowania problemowego / _cEdmund Grabowski ; Towarzystwo Naukowe Organizacji i Kierownictwa. Oddział w Białymstoku. |
|
| 260 |
_aBiałystok : _bTNOiK, _c1984. |
||
| 300 |
_a88 s. ; _c20 cm + _e[Załączniki] : [7] k. tabl. ; 30 cm. |
||
| 504 | _aBibliogr. s. 89. | ||
| 040 | _cBPK | ||
| 041 | _apol | ||
| 080 | _a658.1/.5 | ||
| 942 | _cKS | ||
| 008 | s pl f |000 0 pol | ||
| 999 |
_c22505 _d22505 |
||
| 856 |
_uhttp://koha.tu.koszalin.pl/cgi-bin/koha/opac-detail.pl?biblionumber=22505 _yKatalog online BPK |
||